00804nam a22001937a 450000500170000000800410001702000180005804000120007604100080008804400070009609000140010324501420011726000460025930000350030565000740034094200130041499900150042795201680044220141205095113.0141204b2011 ck Il. |r|||| 00| 0 spa d a9789589804070 cCO-BoIH aspa ack aEAb00191 aGuía para la Implementación de Incentivos a la Conservación con Base en las Experiencias del Municipio de San Vicente de Chucurí  aBogotá D.CbFundación Natura, c2011. a23 pagbIl., fot (col.)c28 cm 6aConservación del medio ambiental.zSantander (Dpt. Colombia)929909 2zcLIBRO c8871d8871 00102z40708EDUAMBIENTIINV2017aVenadobVenadod2014-12-04eInstitutog39000.00l0oEA-00191p029564r2014-12-04 00:00:00tEj. 1w2014-12-04xDonaciónyLIBRO